| 000 | 00596nam a2200193 i 4500 | ||
|---|---|---|---|
| 001 | 39377 | ||
| 003 | ES-MaACL | ||
| 005 | 20250829063108.0 | ||
| 007 | t| | ||
| 008 | 030303q1909 sp ||||1| spa d | ||
| 100 | 1 |
_aCalleja, Saturnino, _d1853-1915 _933722 |
|
| 245 | 1 | 0 |
_aDiccionario manual enciclopédico de la lengua española / _cpublicado por Saturnino Calleja. |
| 250 | _aEdición ilustrada. | ||
| 260 |
_aMadrid : _b[s.n., _c1909?] ( _fE. Teodoro) |
||
| 300 |
_a1371 p. ; _c17 cm. |
||
| 650 |
_aEnciclopedias. _912235 |
||
| 852 |
_aES-MaACL _jD-2140 |
||
| 999 |
_c39377 _d39377 |
||